000 00624nam a22001817a 4500
003 UA-OsUOA
001 13753
007 ta
008 20030620b un ||||| |||| 00| 0 ukr d
100 _aМихайлов Ю.
942 _cSA
040 _aUA-OsUOA
_cUA-OsUOA
_dUA-OsUOA
245 _aПам'ять не зітреш: [Про ветерана Великої Вітчизняної війни жителя м. Сарни Г. І. Вакуленка]
300 _aС.2
955 _a0
773 0 _w0
_tСарненські новини
_dСарни
_d2003
_g№48/15 трав./
650 7 _aВакуленко Г. І.
_2UDC
999 _c299914
_d299914